[Event "Venice Autumn op 16th"]
[Site "Venice"]
[Date "2010.10.31"]
[Round "2.16"]
[White "Rorato, Giovanni"]
[Black "Bonan, Yves"]
[Result "1-0"]
[WhiteElo "2062"]
[BlackElo "1872"]
[PlyCount "65"]
[EventDate "2010.10.30"]
[EventType "swiss"]
[EventRounds "5"]
[EventCountry "ITA"]
[SourceTitle "EXT 2011"]
[Source "ChessBase"]
[SourceDate "2010.11.26"]
[SourceVersion "1"]
[SourceVersionDate "2010.11.26"]
[SourceQuality "1"]

1. d4 d5 2. Nf3 Bf5 3. c4 dxc4 4. e3 c6 5. Bxc4 e6 6. 0-0 Nf6 7. Qe2 Be7 8. Nbd2 Ne4 9. Nxe4 Bxe4 10. Nd2 Bg6 11. Nb3 b5 12. Bd3 Bxd3 13. Qxd3 a5 14. a4 b4 15. Rd1 0-0 16. e4 Nd7 17. Be3 Nf6 18. f3 e5 19. dxe5 Qxd3 20. Rxd3 Ne8 21. Rd7 Bd8 22. Bc5 Bc7 23. f4 f5 24. Bxf8 Kxf8 25. exf5 Bb6+ 26. Kf1 Nc7 27. Rc1 Nd5 28. Rxc6 Ne3+ 29. Ke2 Nxg2 30. Rxb6 Nxf4+ 31. Kf3 Nh5 32. Kg4 g6 33. fxg6 1-0

[Event "Venice Autumn op 16th"]
[Site "Venice"]
[Date "2010.10.30"]
[Round "1.20"]
[White "Rossi, Gianni"]
[Black "Rorato, Giovanni"]
[Result "1/2-1/2"]
[WhiteElo "1859"]
[BlackElo "2062"]
[PlyCount "61"]
[EventDate "2010.10.30"]
[EventType "swiss"]
[EventRounds "5"]
[EventCountry "ITA"]
[SourceTitle "EXT 2011"]
[Source "ChessBase"]
[SourceDate "2010.11.26"]
[SourceVersion "1"]
[SourceVersionDate "2010.11.26"]
[SourceQuality "1"]

1. d4 d5 2. e4 e6 3. Nc3 Nf6 4. Bg5 Be7 5. e5 Nfd7 6. h4 Bxg5 7. hxg5 Qxg5 8. Nh3 Qe7 9. Qg4 g6 10. 0-0-0 Nc6 11. Ng5 h5 12. Qg3 Nb6 13. Bd3 Bd7 14. Nxf7 Rf8 15. Nb5 Rxf7 16. Nxc7+ Kd8 17. Nxa8 Nxa8 18. Bxg6 Rg7 19. Rxh5 Nb6 20. c3 Kc7 21. Qd3 Na5 22. Rdh1 Nac4 23. f4 Na4 24. Rh7 Naxb2 25. Qc2 Ba4 26. Rxg7 Qxg7 27. Rh7 Qxh7 28. Bxh7 Bxc2 29. Kxc2 Kd8 30. g4 Na4 31. Kd3 1/2-1/2

[Event "Vienna op 16th"]
[Site "Vienna"]
[Date "2009.08.19"]
[Round "5"]
[White "Rorato, Giovanni"]
[Black "Druckenthaner, Andreas"]
[Result "0-1"]
[WhiteElo "2070"]
[BlackElo "2278"]
[PlyCount "70"]
[EventDate "2009.08.15"]
[EventType "swiss"]
[EventRounds "9"]
[EventCountry "AUT"]
[SourceTitle "CBM 131 Extra"]
[Source "ChessBase"]
[SourceDate "2009.09.03"]
[SourceVersion "2"]
[SourceVersionDate "2009.09.16"]
[SourceQuality "1"]

1. d4 f5 2. Nf3 Nf6 3. g3 e6 4. Bg2 Be7 5. 0-0 0-0 6. c4 d6 7. Nc3 Ne4 8. Qc2 Nxc3 9. bxc3 Nc6 10. e4 e5 11. c5 fxe4 12. Qxe4 d5 13. Qe3 e4 14. Ne5 Nxe5 15. dxe5 Qe8 16. c4 dxc4 17. Qxe4 Qf7 18. Be3 c6 19. Rfc1 Be6 20. Qc2 Rad8 21. Be4 Rd3 22. Rd1 Rxe3 23. fxe3 Bxc5 24. Qe2 Qc7 25. Qh5 Bxe3+ 26. Kh1 g6 27. Bxg6 Bd5+ 28. Rxd5 cxd5 29. Bf5 Qf7 30. Qxf7+ Kxf7 31. Rd1 d4 32. Kg2 Ke7 33. g4 c3 34. Rb1 b6 35. Rf1 Rxf5 0-1

[Event "ITA-ch sf"]
[Site "Saint Vincent"]
[Date "2008.07.27"]
[Round "9"]
[White "Rorato, Giovanni"]
[Black "Sbarra, Marco"]
[Result "1/2-1/2"]
[WhiteElo "2065"]
[BlackElo "2236"]
[PlyCount "149"]
[EventDate "2008.07.19"]
[EventType "swiss"]
[EventRounds "9"]
[EventCountry "ITA"]
[SourceTitle "EXT 2009"]
[Source "ChessBase"]
[SourceDate "2008.11.26"]
[SourceVersion "1"]
[SourceVersionDate "2008.11.26"]
[SourceQuality "1"]

1. e4 e5 2. Nf3 Nc6 3. Bb5 a6 4. Bxc6 dxc6 5. 0-0 Qf6 6. d3 h6 7. Be3 Be6 8. Nbd2 c5 9. a3 b6 10. c3 Bd6 11. b4 cxb4 12. axb4 Ne7 13. d4 Ng6 14. Qc2 0-0 15. d5 Bc8 16. Rfb1 Qe7 17. Ne1 f5 18. f3 Nf4 19. Bxf4 exf4 20. Nd3 fxe4 21. Nxe4 Bf5 22. c4 Be5 23. Nxe5 Qxe5 24. Rd1 Rfe8 25. c5 bxc5 26. bxc5 Bxe4 27. Qxe4 Qxe4 28. fxe4 Rxe4 29. d6 cxd6 30. cxd6 Rd8 31. Rxa6 Rd7 32. Rc6 Kf7 33. Kf2 Ke6 34. Rc7 g5 35. Rxd7 Kxd7 36. g3 fxg3+ 37. hxg3 Re6 38. g4 Rxd6 39. Rh1 Rf6+ 40. Kg3 Ke6 41. Re1+ Kd5 42. Re8 Re6 43. Rd8+ Ke4 44. Rd1 Ra6 45. Re1+ Kd4 46. Rb1 Ra3+ 47. Kg2 Ke4 48. Rf1 Re3 49. Rf2 Rb3 50. Rf1 Rb6 51. Kg3 Ke3 52. Re1+ Kd2 53. Re8 Rb3+ 54. Kg2 Re3 55. Rh8 Re2+ 56. Kg3 Re6 57. Rf8 Ke1 58. Rf7 Ke2 59. Rf2+ Ke3 60. Rf1 Ke4 61. Re1+ Kd5 62. Rh1 Ke5 63. Rf1 Rf6 64. Re1+ Kd6 65. Re2 Re6 66. Rd2+ Ke7 67. Rf2 Rf6 68. Re2+ Kf7 69. Re1 Kg7 70. Rh1 Kg6 71. Rh5 Rf1 72. Rh2 Rg1+ 73. Kf3 Ra1 74. Rh5 Rd1 75. Kg2 1/2-1/2

[Event "ITA-ch sf"]
[Site "Saint Vincent"]
[Date "2008.07.22"]
[Round "3"]
[White "Rorato, Giovanni"]
[Black "Ricci, Marco"]
[Result "1-0"]
[WhiteElo "2065"]
[BlackElo "2139"]
[PlyCount "97"]
[EventDate "2008.07.19"]
[EventType "swiss"]
[EventRounds "9"]
[EventCountry "ITA"]
[SourceTitle "EXT 2009"]
[Source "ChessBase"]
[SourceDate "2008.11.26"]
[SourceVersion "1"]
[SourceVersionDate "2008.11.26"]
[SourceQuality "1"]

1. d4 Nf6 2. Nf3 g6 3. c4 Bg7 4. Nc3 d6 5. e4 0-0 6. Be2 e5 7. 0-0 Nc6 8. d5 Ne7 9. Nd2 a5 10. Rb1 Nd7 11. a3 f5 12. b4 Kh8 13. bxa5 Rxa5 14. Nb3 Ra8 15. a4 b6 16. Ra1 Nc5 17. Nxc5 bxc5 18. Bd2 fxe4 19. Nxe4 c6 20. dxc6 Bf5 21. Bf3 Bxe4 22. Bxe4 Qc7 23. Ra3 Nxc6 24. Rh3 Ne7 25. Bxa8 Rxa8 26. f4 Nf5 27. Bc3 exf4 28. Bxg7+ Qxg7 29. Rxf4 Qe5 30. Rf2 Ne3 31. Qc1 Ng4 32. Rf7 Qd4+ 33. Kh1 Nf2+ 34. Rxf2 Qxf2 35. Rf3 Qd4 36. Ra3 Re8 37. h3 Re2 38. Qa1 Qe5 39. Qxe5+ Rxe5 40. Kg1 Kg7 41. Kf2 Kf6 42. Re3 Rg5 43. a5 Kg7 44. g4 d5 45. a6 d4 46. Re7+ Kf6 47. a7 Kxe7 48. a8Q Re5 49. Qh8 1-0

[Event "Venice Autumn op 12th"]
[Site "Venice"]
[Date "2006.11.04"]
[Round "2"]
[White "Rorato, Giovanni"]
[Black "Barletta, Mauro"]
[Result "1/2-1/2"]
[WhiteElo "2039"]
[BlackElo "2244"]
[PlyCount "92"]
[EventDate "2006.11.03"]
[EventType "swiss"]
[EventRounds "5"]
[EventCountry "ITA"]
[SourceTitle "CBM 115 Extra"]
[Source "ChessBase"]
[SourceDate "2007.01.10"]
[SourceVersion "1"]
[SourceVersionDate "2007.01.10"]
[SourceQuality "1"]

1. d4 d5 2. c4 e6 3. Nc3 Nf6 4. cxd5 exd5 5. Bg5 Be7 6. e3 Nbd7 7. Qc2 c6 8. Bd3 Nh5 9. Bxe7 Qxe7 10. Nge2 g6 11. 0-0-0 Nb6 12. h3 Ng7 13. g4 Bd7 14. Kb1 0-0-0 15. a4 Kb8 16. Qb3 Nc8 17. a5 Nd6 18. Na4 Ne6 19. Nec3 h5 20. Qb4 Rde8 21. Be2 hxg4 22. hxg4 Rxh1 23. Rxh1 Ne4 24. Qxe7 Nxc3+ 25. Nxc3 Rxe7 26. Kc2 Kc7 27. Kd2 Ng5 28. f3 Re8 29. Nd1 Kd6 30. Nf2 b6 31. axb6 axb6 32. Nd3 Ra8 33. Kc3 c5 34. dxc5+ bxc5 35. Nf2 Re8 36. Kd2 Rb8 37. Kc3 c4 38. Rb1 Rb3+ 39. Kd2 Ba4 40. Nd1 Kc5 41. Nc3 Bc6 42. Bd1 Rb8 43. f4 Ne6 44. b3 d4 45. exd4+ Nxd4 46. bxc4 Rxb1 1/2-1/2

[Event "Bratto op 26th"]
[Site "Bratto"]
[Date "2006.08.23"]
[Round "5"]
[White "Bianco, Raffaele"]
[Black "Rorato, Giovanni"]
[Result "1/2-1/2"]
[WhiteElo "2069"]
[BlackElo "2057"]
[PlyCount "112"]
[EventDate "2006.08.19"]
[EventType "swiss"]
[EventRounds "9"]
[EventCountry "ITA"]
[SourceTitle "CBM 113 Extra"]
[Source "ChessBase"]
[SourceDate "2006.09.14"]
[SourceVersion "1"]
[SourceVersionDate "2006.09.14"]
[SourceQuality "1"]

1. e4 e5 2. Nf3 Nc6 3. Bb5 a6 4. Ba4 Nf6 5. 0-0 b5 6. Bb3 Bb7 7. c3 Nxe4 8. Re1 d5 9. d3 Nc5 10. Nxe5 Nxe5 11. Rxe5+ Ne6 12. d4 Bd6 13. Re3 Qd7 14. a4 c6 15. axb5 axb5 16. Rxa8+ Bxa8 17. Bc2 g6 18. Nd2 0-0 19. Nf3 f6 20. g3 Re8 21. h4 Ng7 22. Nh2 Rxe3 23. Bxe3 Nf5 24. Ng4 Kg7 25. Qf3 h5 26. Nh2 Nxe3 27. Qxe3 Bb7 28. Qd3 Qf7 29. Nf1 Bc8 30. Ne3 Bd7 31. Kg2 Qe8 32. f3 f5 33. f4 Qe4+ 34. Qxe4 fxe4 35. b3 Be6 36. Bd1 Bc7 37. Be2 Bb6 38. Kf2 b4 39. cxb4 Bxd4 40. Ba6 Kf6 41. Bb7 Bd7 42. b5 cxb5 43. Bxd5 Be6 44. Bc6 b4 45. Ba4 Bg4 46. Bb5 Bd1 47. Bc4 Bg4 48. Bb5 Be6 49. Ba4 Bxe3+ 50. Kxe3 Kf5 51. Bc6 Bxb3 52. Bxe4+ Kf6 53. Kd4 Be6 54. Bd3 Bf5 55. Be2 Bc2 56. g4 hxg4 1/2-1/2

[Event "Bratto op 26th"]
[Site "Bratto"]
[Date "2006.08.22"]
[Round "4"]
[White "Rorato, Giovanni"]
[Black "Rosin, Federico"]
[Result "0-1"]
[WhiteElo "2057"]
[BlackElo "2135"]
[PlyCount "87"]
[EventDate "2006.08.19"]
[EventType "swiss"]
[EventRounds "9"]
[EventCountry "ITA"]
[SourceTitle "CBM 113 Extra"]
[Source "ChessBase"]
[SourceDate "2006.09.14"]
[SourceVersion "1"]
[SourceVersionDate "2006.09.14"]
[SourceQuality "1"]

1. d4 d5 2. c4 e6 3. Nc3 c5 4. cxd5 exd5 5. Nf3 Nc6 6. g3 Nf6 7. Bg2 Be7 8. 0-0 0-0 9. Bg5 c4 10. Rc1 Rb8 11. Bf4 Bd6 12. Ne5 Nh5 13. Nxd5 Nxf4 14. gxf4 Qh4 15. Nxc4 Bxf4 16. Nxf4 Qxf4 17. e3 Qg5 18. Qf3 Bf5 19. Qg3 Qh5 20. Bf3 Qh6 21. Ne5 Nxe5 22. Qxe5 Bd3 23. Rfd1 Rbe8 24. Qd5 Re6 25. Kh1 Rd6 26. Qxb7 Ba6 27. Qe4 Rf6 28. Rd2 Qh3 29. Bg2 Qd7 30. d5 Re8 31. Qd4 Rg6 32. Rg1 Rc8 33. f4 h5 34. e4 h4 35. f5 Rg4 36. Qf2 f6 37. Rc2 Re8 38. Qf3 Rexe4 39. Qxe4 Rxe4 40. Bxe4 Bd3 41. Bxd3 Qxd5+ 42. Rgg2 Qxd3 43. h3 Qxh3+ 44. Kg1 0-1

[Event "Bratto op 26th"]
[Site "Bratto"]
[Date "2006.08.20"]
[Round "2"]
[White "Rorato, Giovanni"]
[Black "Zucchelli, Massimo"]
[Result "1/2-1/2"]
[WhiteElo "2057"]
[BlackElo "2135"]
[PlyCount "143"]
[EventDate "2006.08.19"]
[EventType "swiss"]
[EventRounds "9"]
[EventCountry "ITA"]
[SourceTitle "CBM 113 Extra"]
[Source "ChessBase"]
[SourceDate "2006.09.14"]
[SourceVersion "1"]
[SourceVersionDate "2006.09.14"]
[SourceQuality "1"]

1. d4 Nf6 2. c4 e6 3. Nc3 d5 4. cxd5 exd5 5. Bg5 c6 6. e3 Nbd7 7. Qc2 Be7 8. Bd3 0-0 9. Nge2 Re8 10. 0-0 Nf8 11. f3 Be6 12. e4 g6 13. e5 Nh5 14. Bxe7 Qxe7 15. f4 Ng7 16. Ng3 f5 17. a3 a5 18. Na4 Nd7 19. Rac1 Rec8 20. Qf2 Rc7 21. Rc2 Bf7 22. Rfc1 Ne6 23. Ne2 h5 24. Nac3 Ndf8 25. g3 Be8 26. h3 Rac8 27. Kg2 Ng7 28. Na4 Nd7 29. g4 hxg4 30. hxg4 fxg4 31. f5 gxf5 32. Bxf5 Nxf5 33. Qxf5 Qf7 34. Qxg4+ Qg6 35. Qg3 Qxg3+ 36. Kxg3 Bg6 37. Rc3 b5 38. Nc5 Nxc5 39. Rxc5 Be8 40. Nf4 Rg7+ 41. Kf3 Rb8 42. R5c2 Rbb7 43. Rg2 Rxg2 44. Kxg2 Rg7+ 45. Kf2 Rg4 46. Ne2 Re4 47. Rc3 Bh5 48. Ng3 Rf4+ 49. Kg2 Bg4 50. Rd3 Kf7 51. Rd2 Ke6 52. Nf1 c5 53. dxc5 Kxe5 54. Ne3 d4 55. Nxg4+ Rxg4+ 56. Kf3 Rg6 57. Rh2 Kd5 58. Ke2 Kxc5 59. Rh5+ Kc4 60. b3+ Kxb3 61. Rxb5+ Ka4 62. Rd5 Rg3 63. Kd2 Rxa3 64. Rxd4+ Kb3 65. Rd3+ Kb2 66. Rxa3 Kxa3 67. Kc2 Ka2 68. Kc1 a4 69. Kc2 Ka1 70. Kc1 Ka2 71. Kc2 Ka1 72. Kc1 1/2-1/2

[Event "ITA-ch U20"]
[Site "Bratto"]
[Date "2005.08.20"]
[Round "1"]
[White "Rorato, Giovanni"]
[Black "Ferrante, Marco"]
[Result "1-0"]
[WhiteElo "1706"]
[BlackElo "2113"]
[PlyCount "83"]
[EventDate "2005.08.20"]
[EventType "swiss"]
[EventRounds "9"]
[EventCountry "ITA"]
[SourceTitle "EXT 2006"]
[Source "ChessBase"]
[SourceDate "2005.11.24"]
[SourceVersion "1"]
[SourceVersionDate "2005.11.24"]
[SourceQuality "1"]

1. d4 d5 2. c4 c6 3. Nc3 Nf6 4. cxd5 cxd5 5. Bf4 Nc6 6. e3 e6 7. g4 Bb4 8. f3 a6 9. Rc1 0-0 10. Bd3 Re8 11. Nge2 e5 12. dxe5 Nxe5 13. Nd4 Qb6 14. 0-0 Bxc3 15. bxc3 Nxd3 16. Qxd3 Be6 17. Rb1 Qa7 18. a4 b6 19. Rb2 Rac8 20. Rfb1 Nd7 21. a5 b5 22. Rb4 Qc5 23. Rc1 Qa7 24. Kg2 Nc5 25. Qd2 Na4 26. Nf5 Bxf5 27. gxf5 Qe7 28. Kg3 Rc5 29. Rd4 Qf6 30. e4 dxe4 31. fxe4 Rc6 32. Rc2 Nc5 33. Qg2 Nb3 34. e5 Qxf5 35. Qxc6 Rc8 36. e6 Qg6+ 37. Kh4 Qxe6 38. Qxe6 fxe6 39. Rd6 Rc4 40. Kg3 Nc5 41. Kf3 b4 42. Rd4 1-0